Инновационная экономика и человеческий ресурс; Энергия молодых - экономике России; Ч. 2

التفاصيل البيبلوغرافية
Parent link:Энергия молодых - экономике России=Energy of Youth for Russian Economy: сборник научных трудов XIV Международной научно-практической конференции студентов и молодых ученых, г. Томск, 9-11 апреля 2013 г./ Национальный исследовательский Томский политехнический университет (ТПУ) ; Вольное экономическое общество России ; Международный союз экономистов (МСЭ) ; ред. коллегия В. В. Еремин ; Ю. С. Нехорошев ; Г. А. Барышева ; И. Е. Никулина ; Т. Б. Варлачева ; И. В. Кащук ; Е. Ю. Маталасова.— , 2013
Ч. 2.— 2013.— [С. 384-386]
المؤلف الرئيسي: Распопова М. Э.
مؤلف مشترك: Национальный исследовательский Томский политехнический университет (ТПУ) Институт социально-гуманитарных технологий (ИСГТ) Кафедра экономики (ЭКОН)
مؤلفون آخرون: Егорова М. С. Мария Сергеевна
الملخص:Заглавие с титульного экрана
اللغة:الروسية
منشور في: 2013
سلاسل:Инновации и предпринимательство
الموضوعات:
الوصول للمادة أونلاين:http://www.lib.tpu.ru/fulltext/c/2013/C23/V2/137.pdf
التنسيق: MixedMaterials الكتروني فصل الكتاب
KOHA link:https://koha.lib.tpu.ru/cgi-bin/koha/opac-detail.pl?biblionumber=245987

MARC

LEADER 00000naa2a2200000 4500
001 245987
005 20260115092442.0
035 |a (RuTPU)RU\TPU\book\267425 
035 |a RU\TPU\book\267424 
090 |a 245987 
100 |a 20131121d2013 k y0rusy50 ca 
101 0 |a rus 
102 |a RU 
135 |a drnn ---uucaa 
181 0 |a i  
182 0 |a b 
200 1 |a Инновационная экономика и человеческий ресурс  |f М. Э. Распопова, М. С. Егорова 
203 |a Текст  |c электронный 
225 1 |a Инновации и предпринимательство 
300 |a Заглавие с титульного экрана 
320 |a [Библиогр.: с. 386 (2 назв.)] 
337 |a Adobe Reader 
461 1 |0 (RuTPU)RU\TPU\book\262955  |t Энергия молодых - экономике России  |l Energy of Youth for Russian Economy  |o сборник научных трудов XIV Международной научно-практической конференции студентов и молодых ученых, г. Томск, 9-11 апреля 2013 г.  |o в 2 ч.  |f Национальный исследовательский Томский политехнический университет (ТПУ) ; Вольное экономическое общество России ; Международный союз экономистов (МСЭ) ; ред. коллегия В. В. Еремин ; Ю. С. Нехорошев ; Г. А. Барышева ; И. Е. Никулина ; Т. Б. Варлачева ; И. В. Кащук ; Е. Ю. Маталасова  |d 2013 
463 1 |0 (RuTPU)RU\TPU\book\262959  |t Ч. 2  |v [С. 384-386]  |d 2013 
610 1 |a труды учёных ТПУ 
610 1 |a электронный ресурс 
610 1 |a инновационная экономика 
610 1 |a человеческий фактор 
700 1 |a Распопова  |b М. Э. 
701 1 |a Егорова  |b М. С.  |c экономист  |c ассистент кафедры Томского политехнического университета  |f 1982-  |g Мария Сергеевна 
712 0 2 |a Национальный исследовательский Томский политехнический университет (ТПУ)  |b Институт социально-гуманитарных технологий (ИСГТ)  |b Кафедра экономики (ЭКОН)  |3 (RuTPU)RU\TPU\col\18375 
801 2 |a RU  |b 63413507  |c 20151117  |g RCR 
856 4 |u http://www.lib.tpu.ru/fulltext/c/2013/C23/V2/137.pdf 
942 |c CF